| 000 | 00795nas a2200229 4500 | ||
|---|---|---|---|
| 005 | 20080925050328.0 | ||
| 008 | 750824c19479999nyuqr p 0 a0eng d | ||
| 010 | _aENG-92543 | ||
| 020 |
_c30.00 _a8177354493 |
||
| 035 | _aEN-76076 | ||
| 037 | _bDBAD / PUB | ||
| 040 |
_adpl _bEnglish |
||
| 082 | _a548 | ||
| 100 | _aKarthika, U. | ||
| 245 |
_aGrowth of KDP crystal: _cby U. Karthika _b(pure and dopped with KCL and KMNO4) / |
||
| 260 |
_aChennai _bPavai Publications _c2007 |
||
| 300 |
_a56p.: _c20cm (pbk) _bill. |
||
| 500 | _aIncludes bibliographical references | ||
| 650 | _aCrystal growth. | ||
| 942 |
_2ddc _cEN _mKAR _h548 |
||
| 999 |
_c21084 _d21084 |
||